[Event "Budapest Spring op"]
[Site "Budapest"]
[Date "1994.??.??"]
[Round "8"]
[White "Gyimesi, Zoltan"]
[Black "Korotylev, Alexey"]
[Result "1/2-1/2"]
[WhiteElo "2360"]
[BlackElo "2415"]

1.d4 g6 2.c4 Bg7 3.Nc3 d6 4.e4 Nf6 5.Nf3 O-O 6.Be2 e5 7.O-O Nc6 8.d5 Ne7
9.Ne1 Nd7 10.Nd3 f5 11.Bd2 Kh8 12.b4 Nf6 13.f3 Neg8 14.c5 Bh6 15.Bxh6 Nxh6
16.Qd2 Nf7 17.Rac1 f4 18.g4 h5 19.h3 Kg7 20.Kg2 Ng5 21.Nf2 Nxh3 22.Nxh3 hxg4
23.fxg4 Nxg4 24.Rf3 Rh8 25.Rh1 Bd7 26.Nd1 Rh4 27.Nxf4 Rxh1 28.Kxh1 exf4 29.Qxf4 Ne5
30.Rf2 Qe7 31.Rh2 Rh8 32.Rxh8 Kxh8 33.Kg1 Kg7 34.Ne3 Qe8 35.a3 Qe7 36.Kg2 Qf6
37.Qg3 Nf7 38.Bg4 Qb2+ 39.Qf2 Qxf2+ 40.Kxf2 Bb5 41.cxd6 cxd6 42.Bc8 b6 43.Ng4 Kf8
44.Ke3 Ke7 45.Kd4 Be2 46.e5 Bxg4 47.exd6+ Nxd6 48.Bxg4 Nb5+ 49.Ke5 Nxa3 50.d6+ Kd8
51.Be2 g5 52.b5 Nb1 53.Bf3 Nd2 54.Bc6 g4 55.Kf4 Nc4 56.d7 Ke7 57.Kxg4 Ne5+
58.Kf5 Nxd7 59.Bxd7 Kxd7 60.Ke5  1/2-1/2

[Event "Budapest FS04 IM-A"]
[Site "Budapest"]
[Date "1994.??.??"]
[Round "9"]
[White "Reh, Philipp"]
[Black "Damjanovic, Vladimir"]
[Result "0-1"]
[WhiteElo "2160"]
[BlackElo "2380"]

1.c4 g6 2.e4 Bg7 3.d4 d6 4.Nc3 Nf6 5.Nf3 O-O 6.Be2 e5 7.O-O Nc6 8.d5 Ne7
9.Ne1 Nd7 10.Nd3 f5 11.Bd2 Kh8 12.f3 f4 13.b4 g5 14.g4 h5 15.h3 Nf6 16.Kg2 Ng6
17.Be1 Rf7 18.Bf2 Bf8 19.Rh1 Kg8 20.c5 a5 21.a3 Be7 22.Rc1 axb4 23.axb4 Bd7
24.Ra1 Rxa1 25.Qxa1 Qf8 26.cxd6 cxd6 27.Qc1 hxg4 28.hxg4 Nxg4 29.Rh5 Nxf2
30.Nxf2 Nh4+  0-1

[Event "Budapest FS04 IM-B"]
[Site "Budapest"]
[Date "1994.??.??"]
[Round "9"]
[White "Hoang Than Trang"]
[Black "Rajcsanyi, Zita"]
[Result "0-1"]
[WhiteElo "2260"]
[BlackElo "2260"]

1.d4 Nf6 2.c4 g6 3.Nc3 Bg7 4.e4 d6 5.Nf3 O-O 6.Be2 e5 7.O-O Nc6 8.d5 Ne7
9.Nd2 a5 10.b3 Nd7 11.a3 f5 12.Bb2 Kh8 13.b4 Ng8 14.Qc2 f4 15.Nb5 b6 16.bxa5 Rxa5
17.Bc3 Ra6 18.a4 Nc5 19.a5 g5 20.f3 h5 21.Nb3 g4 22.axb6 Rxa1 23.Rxa1 cxb6
24.Nxc5 bxc5 25.Ba5 Qe7 26.Bc7 Rf6 27.Ra8 gxf3 28.Bxf3 Bg4 29.Bd8 Qf8 30.Bxf6 Qxa8
31.Bxg7+ Kxg7 32.Nxd6 Qa1+ 33.Kf2 Qd4+ 34.Kf1 Qa1+ 35.Ke2 Qg1 36.Qc3 Qxg2+
37.Ke1 Qxf3 38.Nf5+ Kf8  0-1

[Event "Budapest FS12 GM"]
[Site "Budapest"]
[Date "1994.??.??"]
[Round "9"]
[White "Volzhin, Alexander"]
[Black "Szuk, Balazs"]
[Result "1-0"]
[WhiteElo "2425"]
[BlackElo "2335"]

1.d4 Nf6 2.c4 g6 3.Nc3 Bg7 4.e4 d6 5.Nf3 O-O 6.Be2 e5 7.O-O Nc6 8.d5 Ne7
9.Nd2 c6 10.Rb1 b5 11.dxc6 b4 12.Nd5 Nxc6 13.Nxf6+ Bxf6 14.Nf3 Bg4 15.Ne1 Be6
16.Nc2 Rc8 17.Bh6 Re8 18.Qd2 Qa5 19.Ra1 Red8 20.b3 Qb6 21.Be3 Qb7 22.Rfd1 Bg7
23.Bf3 a5 24.h3 h5 25.Qe2 f6 26.Kh2 Kf7 27.Rd3 Qe7 28.Rad1 Bf8 29.Bc1 Qe8
30.g3 Kg7 31.Bb2 Kh7 32.Ne3 Rd7 33.Bg2 g5 34.Nf5 Bxf5 35.exf5 Nd8 36.Rd5 Rc5
37.Rxc5 dxc5 38.Rxd7+ Qxd7 39.Qxh5+  1-0

[Event "Budapest FS02 IM-A"]
[Site "Budapest"]
[Date "1994.??.??"]
[Round "10"]
[White "Hoang Than Trang"]
[Black "Zimmerman, Yuri"]
[Result "1/2-1/2"]
[WhiteElo "2260"]
[BlackElo "2345"]

1.d4 Nf6 2.c4 g6 3.Nc3 Bg7 4.e4 d6 5.Nf3 O-O 6.Be2 e5 7.O-O Nc6 8.Be3 Re8
9.dxe5 dxe5 10.c5 Qxd1 11.Rfxd1 Bg4 12.Bb5 Bxf3 13.gxf3 Red8 14.f4 Nh5 15.fxe5 Nxe5
16.Be2 Nf6 17.Bg5 h6 18.Bxf6 Rxd1+ 19.Rxd1 Bxf6 20.Nd5 Bd8 21.f4 Nd7 22.Nxc7 Bxc7
23.Rxd7 Bxf4 24.Bc4 Be3+ 25.Kg2 Bxc5 26.Bxf7+ Kf8 27.Rxb7 Rc8 28.Bb3 Bd4
29.Rf7+ Ke8 30.Rh7 h5 31.Rh6 Rc1 32.Rh7 Rg1+ 33.Kf3 Rf1+ 34.Ke2 Rf2+ 35.Kd3 Bxb2
36.Rxa7 g5 37.Rh7 h4 38.h3 Rf3+ 39.Kc2 Rf2+ 40.Kd3 Rf3+ 41.Kc2 Rf2+  1/2-1/2

[Event "Budapest FS02 GM"]
[Site "Budapest"]
[Date "1994.??.??"]
[Round "10"]
[White "Lukacs, Peter"]
[Black "Lingnau, Carsten"]
[Result "1-0"]
[WhiteElo "2485"]
[BlackElo "2395"]

1.d4 Nf6 2.c4 g6 3.Nc3 Bg7 4.e4 d6 5.Nf3 O-O 6.Be2 e5 7.O-O Nc6 8.d5 Ne7
9.Nd2 a5 10.a3 Nd7 11.Rb1 f5 12.b4 Kh8 13.f3 Ng8 14.Qc2 Ngf6 15.Bd3 f4 16.Be2 Rg8
17.Na4 axb4 18.axb4 Bf8 19.c5 dxc5 20.Nxc5 Nxc5 21.bxc5 b6 22.cxb6 cxb6 23.Bb2 Bc5+
24.Kh1 Ra2 25.Nb3 Be3 26.Bb5 Rg7 27.Rfe1 Rc7 28.Bc6 Bb7 29.Qc3 Nd7 30.Ra1 Ra8
31.Qd3 Kg8 32.Bxd7 Rxd7 33.Bxe5 Rxa1 34.Bxa1  1-0

[Event "Budapest FS10 IM-B"]
[Site "Budapest"]
[Date "1994.??.??"]
[Round "10"]
[White "Mihok, Laszlo"]
[Black "Farago, Sandor"]
[Result "1/2-1/2"]
[WhiteElo "2270"]
[BlackElo "2360"]

1.d4 Nf6 2.c4 d6 3.Nc3 g6 4.e4 Bg7 5.Nf3 O-O 6.Be2 e5 7.O-O Nc6 8.d5 Ne7
9.Ne1 Ne8 10.Nd3 f5 11.f3 c5  1/2-1/2

[Event "Budapest FS12 GM"]
[Site "Budapest"]
[Date "1994.??.??"]
[Round "11"]
[White "Sherbakov, Ruslan"]
[Black "Farago, Sandor"]
[Result "1-0"]
[WhiteElo "2510"]
[BlackElo "2360"]

1.d4 Nf6 2.c4 g6 3.Nc3 Bg7 4.e4 d6 5.Be2 O-O 6.Nf3 e5 7.O-O Nc6 8.d5 Ne7
9.Nd2 c5 10.dxc6 bxc6 11.b4 d5 12.Ba3 dxe4 13.Ndxe4 Nxe4 14.Nxe4 Nf5 15.b5 Nd4
16.bxc6 Bf5 17.Bd3 Qc7 18.Bxf8 Rxf8 19.Nc3 Qxc6 20.Nd5 Qc5 21.Bxf5 gxf5 22.Qh5 Re8
23.Rab1 Qc8 24.Qh4 Qxc4 25.Ne7+ Kh8 26.Nxf5 Qxa2 27.Qe7 Qe6 28.Qxe6 Nxe6
29.Rb7 Kg8 30.Rxa7 Bf8 31.Rfa1 Rb8 32.g3 Nd4 33.Nxd4 exd4 34.Rd7 Bc5 35.Rc1 Ba3
36.Rcc7 Rb1+ 37.Kg2 Rd1 38.Rxf7 Bd6 39.Ra7 d3 40.Rg7+  1-0

[Event "Budapest FS10 GM"]
[Site "Budapest"]
[Date "1994.??.??"]
[Round "11"]
[White "Lukacs, Peter"]
[Black "Nguyen Anh Dung"]
[Result "1/2-1/2"]
[WhiteElo "2490"]
[BlackElo "2340"]

1.d4 Nf6 2.c4 g6 3.Nc3 Bg7 4.e4 d6 5.Nf3 O-O 6.Be2 e5 7.O-O Nc6 8.d5 Ne7
9.Nd2 Nd7 10.b4 f5 11.c5 Nf6 12.f3 f4 13.Nc4 g5 14.Nb5 Ne8 15.Bd2 Ng6 16.Rc1 h5
17.Be1 Bh6 18.Rc3 a6 19.Nba3 Nf6 20.cxd6 cxd6 21.Bf2 g4 22.Nb6 Rb8 23.Nxc8 Rxc8
24.Rxc8 Qxc8 25.Qd2 g3 26.Bb6 gxh2+ 27.Kxh2 Rf7 28.Rc1 Qf8 29.Qc2 Qg7 30.Qc8+ Kh7
31.Rc7 Nd7 32.Bf2 Bg5 33.Nc4 Bh4 34.Nxd6 Bxf2 35.Nxf7 Ngf8 36.Ng5+ Qxg5 37.Rxd7+ Nxd7
38.Qxd7+ Kh6 39.Qd6+ Kg7 40.Qd7+ Kh6 41.d6 Qg3+ 42.Kh1 Bd4  1/2-1/2

[Event "Buenos Aires PRENAJ"]
[Site "Buenos Aires"]
[Date "1994.??.??"]
[Round "3"]
[White "Ricardi, Pablo"]
[Black "Hobaica, Juan Pablo"]
[Result "1-0"]
[WhiteElo "2470"]
[BlackElo "2230"]

1.d4 Nf6 2.Nf3 g6 3.c4 Bg7 4.Nc3 O-O 5.e4 d6 6.Be2 e5 7.O-O Nc6 8.Be3 Re8
9.dxe5 Nxe5 10.Nxe5 Rxe5 11.f3 b6 12.Qd2 Bb7 13.Rac1 a5 14.Bf4 Re8 15.Bg5 Qc8
16.Nd5 Bxd5 17.cxd5 Nd7 18.Bb5 Re5 19.Bf4 Nc5 20.Bxe5 Bxe5 21.f4 Bg7 22.Qe2 f6
23.Kh1 Qd8 24.Bc6 Ra7 25.Rce1 a4 26.Qc4  1-0

[Event "Buenos Aires PRENAJ"]
[Site "Buenos Aires"]
[Date "1994.??.??"]
[Round "5"]
[White "Quiroga, Facundo"]
[Black "Servat, Roberto"]
[Result "1-0"]
[WhiteElo "2315"]
[BlackElo "2445"]

1.d4 Nf6 2.c4 g6 3.Nc3 Bg7 4.e4 d6 5.Nf3 O-O 6.Be2 e5 7.O-O Nc6 8.d5 Ne7
9.Ne1 Nd7 10.Nd3 f5 11.f3 f4 12.Bd2 h5 13.b4 g5 14.c5 Nf6 15.Nf2 Rf7 16.a4 Bf8
17.a5 Rg7 18.h3 Ng6 19.Na4 Nh4 20.Ra3 Bd7 21.Rc3 Qe8 22.c6 bxc6 23.dxc6 Bxc6
24.b5 Bb7 25.Qb3+ Kh8 26.Rfc1 Rc8 27.a6 Ba8 28.b6 axb6 29.Nxb6 Rb8 30.Rxc7 Rxc7
31.Rxc7 Nd7 32.Ba5 d5 33.a7  1-0

[Event "Buenos Aires PRENAJ"]
[Site "Buenos Aires"]
[Date "1994.??.??"]
[Round "7"]
[White "Quiroga, Facundo"]
[Black "Rodriguez, Jorge Luis"]
[Result "1/2-1/2"]
[WhiteElo "2315"]
[BlackElo "2390"]

1.d4 Nf6 2.c4 g6 3.Nc3 Bg7 4.e4 d6 5.Nf3 O-O 6.Be2 e5 7.O-O Nc6 8.d5 Ne7
9.Ne1 Nd7 10.Nd3 f5 11.f3 f4 12.Bd2 g5 13.Rc1 Ng6 14.c5 Nxc5 15.Nxc5 dxc5
16.Na4 b6 17.b4 cxb4 18.Bxb4 Rf6 19.Qb3 Kh8 20.Rc2 Bd7 21.Rfc1 Qe8 22.Nb2 c5
23.dxc6 Rxc6 24.Rxc6 Bxc6 25.Nc4 Ba4 26.Qb2 Rc8 27.Nd6 Rxc1+ 28.Qxc1 Qd7
29.Bc4 Bf8 30.Nf7+ Kg7 31.Bxf8+ Nxf8 32.Bd5 Qd6 33.h4 gxh4 34.Qc8 Qe7 35.Nd8 Ng6
36.Qb8 Bd7 37.Nf7 h3 38.Nd6 Nf8 39.Nf7 Ng6 40.Nd6 h2+ 41.Kh1 Kf6 42.Kxh2 Nf8
43.Nf7 Ng6 44.Qxa7 Kg7 45.Kg1  1/2-1/2

[Event "Buenos Aires PRENAJ"]
[Site "Buenos Aires"]
[Date "1994.??.??"]
[Round "10"]
[White "Garcia, Raimundo"]
[Black "Valerga, Diego"]
[Result "0-1"]
[WhiteElo "2395"]
[BlackElo "2375"]

1.Nf3 Nf6 2.c4 g6 3.Nc3 Bg7 4.e4 d6 5.d4 O-O 6.Be2 e5 7.O-O Nc6 8.d5 Ne7
9.Nd2 c5 10.Rb1 b6 11.b4 Ne8 12.bxc5 bxc5 13.Nb3 Kh8 14.Bd2 f5 15.f3 Nf6
16.Qc2 h5 17.exf5 gxf5 18.Nb5 a5 19.a4 Ng6 20.Bd3 e4 21.fxe4 Ng4 22.g3 Nxh2
23.Kxh2 Be5 24.Be1 f4 25.Bc3 Qg5 26.Qg2 fxg3+ 27.Kh1 Qh4+ 28.Kg1 Bh3 29.Qd2 Kh7
30.Bxe5 Nxe5 31.Qc2 Bxf1 32.Rxf1 Rxf1+  0-1

[Event "BUL-ch"]
[Site "BUL"]
[Date "1994.??.??"]
[Round "8"]
[White "Dobrev, Nanko"]
[Black "Spasov, Vasil"]
[Result "0-1"]
[WhiteElo "2335"]
[BlackElo "2540"]

1.d4 Nf6 2.Nf3 g6 3.c4 Bg7 4.Nc3 O-O 5.e4 d6 6.Be2 e5 7.O-O Nc6 8.d5 Ne7
9.Bg5 Nh5 10.Ne1 Nf4 11.Nd3 Nxe2+ 12.Qxe2 f6 13.Bd2 f5 14.f3 f4 15.c5 g5
16.Rac1 Rf7 17.Nb5 Ng6 18.Ba5 b6 19.cxb6 axb6 20.Bb4 h5 21.Qc2 Ba6 22.a4 g4
23.Be1 Bf6 24.Nb4 Bxb5 25.axb5 Bh4 26.Bd2 Rg7 27.Qd1 Bg3 28.hxg3 fxg3 29.fxg4 Qh4
30.Rf5 Qh2+ 31.Kf1 Nh4 32.Ke2 Qxg2+ 33.Kd3 Rxg4 34.Rg5+ Rxg5 35.Bxg5 Qxb2
36.Qd2 Qd4+ 37.Ke2 Qxe4+ 38.Qe3 Qxb4 39.Bxh4 Ra2+ 40.Kd1 Qg4+  0-1

[Event "Calcutta op2"]
[Site "Calcutta"]
[Date "1994.??.??"]
[Round "?"]
[White "Shantanu, Lahiri"]
[Black "Sanjeev, Kumar"]
[Result "0-1"]
[WhiteElo "2155"]
[BlackElo "2285"]

1.d4 Nf6 2.c4 g6 3.Nc3 Bg7 4.e4 d6 5.Be2 O-O 6.Nf3 e5 7.O-O Nc6 8.d5 Ne7
9.Nd2 a5 10.a3 Nd7 11.Rb1 f5 12.b4 Kh8 13.Qc2 Ng8 14.f3 Ngf6 15.Bd3 f4 16.Nb5 g5
17.Be2 b6 18.Bb2 h5 19.c5 bxc5 20.bxc5 Ne8 21.cxd6 cxd6 22.a4 Ndf6 23.Rfc1 Rf7
24.Nc4 Bf8 25.Bc3 g4 26.Qd2 gxf3 27.gxf3 Rg7+ 28.Kh1 h4 29.Rg1 Nh5 30.Rxg7 Nexg7
31.Bf1 Kh7 32.Rb2 Ng3+ 33.hxg3 fxg3 34.f4 h3 35.f5 Qh4 36.Qe2 g2+ 37.Bxg2 hxg2+
38.Kxg2 Nh5 39.Bd2 Bh6 40.Qe1 Qg4+ 41.Kh2 Bxf5 42.exf5 Rg8 43.Bxh6 Nf4  0-1

[Event "Calcutta op2"]
[Site "Calcutta"]
[Date "1994.??.??"]
[Round "?"]
[White "Shantanu, Lahiri"]
[Black "Balasubramaniun, Ramnathan"]
[Result "0-1"]
[WhiteElo "2155"]
[BlackElo "2265"]

1.d4 Nf6 2.c4 g6 3.Nc3 Bg7 4.e4 d6 5.Be2 O-O 6.Nf3 e5 7.O-O Nc6 8.d5 Ne7
9.Nd2 a5 10.a3 Nd7 11.Rb1 f5 12.b4 Nf6 13.f3 f4 14.c5 g5 15.Nc4 axb4 16.axb4 Ng6
17.Ba3 Rf7 18.cxd6 cxd6 19.b5 Bf8 20.b6 h5 21.Nb5 Ne8 22.Na7 Bd7 23.Bc1 Nh4
24.h3 Rg7 25.Na5 Rb8 26.Rb2 g4 27.fxg4 hxg4 28.Bxg4 Bxg4 29.hxg4 Nf6 30.Qb3 Qd7
31.Qh3 Rxg4 32.Rc2 Qg7 33.Rff2 Nxe4 34.Rc7 Qg5 35.Rfc2 Rg3 36.Qe6+ Kh8 37.Qd7 Rxg2+
38.Kf1 Ng3+  0-1

[Event "Calcutta op"]
[Site "Calcutta"]
[Date "1994.??.??"]
[Round "3"]
[White "Rahman, Ziaur"]
[Black "Shantanu, Lahiri"]
[Result "1-0"]
[WhiteElo "2435"]
[BlackElo "2155"]

1.c4 g6 2.Nc3 Bg7 3.d4 Nf6 4.e4 d6 5.Nf3 O-O 6.Be2 e5 7.O-O Nc6 8.d5 Ne7
9.b4 Nh5 10.Nd2 Nf4 11.c5 f5 12.f3 g5 13.Nc4 Nxe2+ 14.Qxe2 f4 15.a4 Rf6 16.Ba3 Rg6
17.g4 fxg3 18.hxg3 Bh3 19.Rf2 g4 20.b5 b6 21.cxd6 cxd6 22.Na2 Qd7 23.fxg4 Bxg4
24.Qd3 Kh8 25.Nb4 Rg8 26.Nc6 Bh5 27.Rg2 Rf8 28.Rf1 Rxf1+ 29.Qxf1 Rf6 30.Rf2 Rg6
31.Qg2 Ng8 32.Qh2 Bd1 33.Bxd6 Rxd6 34.N4xe5 Bxe5 35.Nxe5 Qc7 36.g4 Rd7 37.d6 Qc1
38.Nxd7 Bxg4+ 39.Kg2  1-0

[Event "Calcutta op"]
[Site "Calcutta"]
[Date "1994.??.??"]
[Round "8"]
[White "Murugan, Krishnamoorthy"]
[Black "Konguveel, Ponnuswamy"]
[Result "1/2-1/2"]
[WhiteElo "2410"]
[BlackElo "2355"]

1.d4 Nf6 2.c4 g6 3.Nc3 Bg7 4.e4 d6 5.Nf3 O-O 6.Be2 e5 7.O-O Nc6 8.Be3 Ng4
9.Bg5 f6 10.Bc1 exd4 11.Nxd4 Nxd4 12.Qxd4 f5 13.Qd5+ Kh8 14.Bxg4 fxg4 15.Bg5 Qe8
16.Qd2 Qf7 17.b3 Be6 18.Bh6 Rae8 19.Rad1 a6 20.Bxg7+ Qxg7 21.Qd4 Rf4 22.Rfe1 Qxd4
23.Rxd4 Kg7 24.Re3 Re7 25.Rd2  1/2-1/2

[Event "Cap d'Agde op"]
[Site "Cap d'Agde"]
[Date "1994.??.??"]
[Round "?"]
[White "Schneider, A."]
[Black "Degraeve, Jean Marc"]
[Result "1-0"]
[WhiteElo "2360"]
[BlackElo "2460"]

1.d4 Nf6 2.c4 g6 3.Nc3 Bg7 4.e4 d6 5.Be2 O-O 6.Nf3 e5 7.O-O Nc6 8.d5 Ne7
9.Nd2 a5 10.a3 Nd7 11.Rb1 f5 12.b4 Kh8 13.Qc2 Ng8 14.exf5 gxf5 15.f4 Ne7
16.Nf3 axb4 17.axb4 c6 18.dxc6 bxc6 19.Rd1 Qc7 20.b5 cxb5 21.Nxb5 Qc5+ 22.Kh1 Nf6
23.Ne1 Ne4 24.Nd3 Qc6 25.Be3 Nd5 26.Bg1 Nxf4 27.Nxf4 exf4 28.Bf3 Rf6 29.Bd4 Rh6
30.Qf2 Bxd4 31.Qxd4+ Kg8 32.Nc3 Re6 33.Nd5 Qc5 34.Bxe4 Qxd4 35.Rxd4 Rxe4
36.Nf6+ Kf7 37.Nxe4 fxe4 38.Rxe4  1-0

[Event "Capablanca mem-B"]
[Site "?"]
[Date "1994.??.??"]
[Round "3"]
[White "Gonzalez Garcia, Jose"]
[Black "Pecorelli Garcia, Humberto"]
[Result "1-0"]
[WhiteElo "2420"]
[BlackElo "2405"]

1.d4 Nf6 2.c4 g6 3.Nc3 Bg7 4.e4 d6 5.Be2 O-O 6.Nf3 e5 7.O-O Nc6 8.d5 Ne7
9.Nd2 Nd7 10.b4 f5 11.c5 Nf6 12.f3 g5 13.Nc4 f4 14.a4 h5 15.Ba3 Ne8 16.b5 b6
17.cxb6 cxb6 18.a5 Rf6 19.Bb4 Rb8 20.axb6 axb6 21.Na4 Bd7 22.Ncxb6 Rxb6 23.Ba5 Nc8
24.Qe1 g4 25.Nxb6 Nxb6 26.Qf2 Rg6 27.Qxb6 Qh4 28.Qd8  1-0

[Event "Cappelle op"]
[Site "Cappelle la Grande"]
[Date "1994.??.??"]
[Round "1"]
[White "Schneider, Attila"]
[Black "Whiteley, Andrew J"]
[Result "1/2-1/2"]
[WhiteElo "2570"]
[BlackElo "2305"]

1.d4 Nf6 2.c4 g6 3.Nc3 Bg7 4.e4 d6 5.Be2 O-O 6.Nf3 e5 7.O-O Nc6 8.d5 Ne7
9.Nd2 a5 10.a3 Nd7 11.Rb1 f5 12.b4 axb4 13.axb4 Nf6 14.f3 Bh6 15.Nb3 Bxc1
16.Rxc1 f4 17.c5 g5 18.Nd2 Bd7 19.Nc4 Nc8 20.Na5 Rb8 21.c6 bxc6 22.dxc6 Be6
23.b5 Nb6 24.Nb7 Qe7 25.Na4 Nxa4 26.Qxa4 Nd7 27.Qb4 Nb6 28.Ra1 Ra8 29.Ra6 Rxa6
30.bxa6 Ra8 31.Ra1 Nc8 32.Na5 Nb6 33.Rb1 Kf7 34.Nb7 Nc8 35.Bc4 Bxc4 36.Qxc4+ Kg7
37.h3 Qf7 38.Qa4 Qe8 39.Qc4 Qf7 40.Qa4 Qe8 41.Qa5 Qe7 42.Qb5 Na7 43.Qa5 Nc8
44.Qd5 Qf7 45.Rb2 Qe8 46.Na5 Nb6 47.Qb5 h5 48.Kh2 Qe6 49.Qe2  1/2-1/2

[Event "Cappelle op"]
[Site "Cappelle la Grande"]
[Date "1994.??.??"]
[Round "1"]
[White "Banikas, Hristos"]
[Black "Hebden, Mark"]
[Result "0-1"]
[WhiteElo "2300"]
[BlackElo "2530"]

1.d4 Nf6 2.c4 g6 3.Nc3 Bg7 4.e4 d6 5.Nf3 O-O 6.Be2 e5 7.O-O Nc6 8.d5 Ne7
9.b4 Kh8 10.Nd2 Ne8 11.c5 f5 12.f3 f4 13.Nc4 h5 14.a4 g5 15.Ba3 Rf6 16.b5 dxc5
17.Bxc5 Rg6 18.h3 Ng8 19.Nb1 Nh6 20.Nbd2 Nd6 21.Ra3 g4 22.fxg4 hxg4 23.hxg4 Nxg4
24.Qa1 Nxc4 25.Nxc4 Qg5 26.Bxg4 Bxg4 27.Qb2 Qh5 28.Nd2 Rg8 29.Nf3 Bf6 30.Rf2 Bxf3
31.Raxf3 b6 32.Bb4 Rh6 33.Kf1 Rxg2  0-1

[Event "Cappelle op"]
[Site "Cappelle la Grande"]
[Date "1994.??.??"]
[Round "1"]
[White "Ikonnikov, Vyacheslav"]
[Black "Loebler, Heimo"]
[Result "1-0"]
[WhiteElo "2515"]
[BlackElo "2280"]

1.d4 Nf6 2.Nf3 g6 3.c4 Bg7 4.Nc3 O-O 5.e4 d6 6.Be2 e5 7.O-O Nc6 8.d5 Ne7
9.Ne1 Nd7 10.Be3 f5 11.f3 f4 12.Bf2 g5 13.a4 Ng6 14.a5 Kh8 15.Nb5 Nf6 16.Nxa7 Bd7
17.c5 Rxa7 18.c6 bxc6 19.Bxa7 cxd5 20.exd5 Qa8 21.Bf2 Nxd5 22.Nc2 Nf6 23.a6 g4
24.fxg4 Bc6 25.Ne1 Ne4 26.a7 Nxf2 27.Rxf2 e4 28.Nc2 e3 29.Rf3 Ne5 30.Nd4 Nxf3+
31.gxf3 Bd7 32.b4 h5 33.Ra5 Be5 34.h3 hxg4 35.hxg4 Kg7 36.Nb5 d5 37.Nxc7 Bxc7
38.Qd4+ Kf7 39.Rxd5 Be6 40.Rh5 Bd8 41.Rh7+  1-0

[Event "Cappelle op"]
[Site "Cappelle la Grande"]
[Date "1994.??.??"]
[Round "3"]
[White "Danielian, Oganes"]
[Black "Hebden, Mark"]
[Result "1-0"]
[WhiteElo "2445"]
[BlackElo "2530"]

1.d4 Nf6 2.c4 g6 3.Nc3 Bg7 4.e4 d6 5.Nf3 O-O 6.Be2 e5 7.O-O Nc6 8.d5 Ne7
9.Nd2 Ne8 10.b4 f5 11.c5 Kh8 12.Rb1 Ng8 13.f3 f4 14.Nc4 h5 15.Bd2 Nh6 16.a4 g5
17.a5 Qf6 18.b5 dxc5 19.b6 cxb6 20.axb6 a6 21.Na4 g4 22.fxg4 hxg4 23.g3 f3
24.Bd3 Nf7 25.Nxc5 Ng5 26.Be3 f2+ 27.Kh1 Nh3 28.Bc2 Rf7 29.d6 Be6 30.Nxe6 Qxe6
31.Qd5 Qxd5 32.exd5 Rd8 33.Bd1 Nxd6 34.Nxd6 Rxd6 35.Bxg4 Bh6 36.Bxh6 Rxh6
37.d6 Ng5 38.d7 Rd6 39.Kg2 Rff6 40.Rbd1 Nf7 41.Rxf2 Rxf2+ 42.Kxf2 Rf6+ 43.Ke3  1-0

[Event "Cappelle op"]
[Site "Cappelle la Grande"]
[Date "1994.??.??"]
[Round "3"]
[White "Marchand, Francois"]
[Black "Arakhamia, Ketevan"]
[Result "0-1"]
[WhiteElo "2260"]
[BlackElo "2485"]

1.d4 Nf6 2.c4 g6 3.Nc3 Bg7 4.Nf3 O-O 5.e4 d6 6.Be2 e5 7.O-O Nc6 8.d5 Ne7
9.Ne1 Nd7 10.Be3 f5 11.f3 f4 12.Bf2 h5 13.Rc1 g5 14.b4 Ng6 15.c5 a6 16.a4 Nf6
17.h3 Bh6 18.Rc2 Rf7 19.cxd6 cxd6 20.a5 Bd7 21.Nd3 Qf8 22.Bb6 g4 23.hxg4 hxg4
24.fxg4 Nh4 25.Bf3 Rc8 26.Nf2 Rc4 27.Qd3 Rxb4 28.Rfc1 Qg7 29.Bd8 Bg5 30.Bxf6 Bxf6
31.Ncd1 Ra4 32.Nb2 Rd4 33.Qa3 Qh6 34.Qxd6 Nxf3+ 35.gxf3 Qh4 36.Kf1 Bb5+ 37.Nc4 Qg3
38.Ke2 Kg7 39.Qe6 Rc7 40.d6 Rc5 41.g5  0-1

[Event "Cappelle op"]
[Site "Cappelle la Grande"]
[Date "1994.??.??"]
[Round "5"]
[White "Ghitescu, Theodor"]
[Black "Hebden, Mark"]
[Result "0-1"]
[WhiteElo "2410"]
[BlackElo "2530"]

1.d4 Nf6 2.c4 g6 3.Nc3 Bg7 4.e4 d6 5.Nf3 O-O 6.Be2 e5 7.O-O Nc6 8.d5 Ne7
9.b4 Ne8 10.a4 Kh8 11.c5 Ng8 12.a5 f5 13.Nd2 Nh6 14.f3 f4 15.a6 b6 16.Nc4 Nf7
17.Nb2 h5 18.Bb5 bxc5 19.bxc5 g5 20.Bc6 Rb8 21.Nb5 Rxb5 22.Bxb5 g4 23.fxg4 hxg4
24.Ra3 Ng5 25.Qe1 Nf6 26.Bd3 Nh5 27.Bc2 dxc5 28.Nc4 Qf6 29.Bb2 Nf7 30.Qa1 Re8
31.g3 f3 32.Bc1 Bh6 33.Bxh6 Qxh6 34.Rf2 Kg8 35.Qe1 Ng5 36.Qe3 Bxa6 37.Rxa6 Nh3+
38.Kf1 Qxa6 39.Qc3 Nxf2 40.Kxf2 Qh6  0-1

[Event "Cappelle op"]
[Site "Cappelle la Grande"]
[Date "1994.??.??"]
[Round "6"]
[White "Gavrilov, Alexei"]
[Black "Loebler, Heimo"]
[Result "0-1"]
[WhiteElo "2430"]
[BlackElo "2280"]

1.d4 Nf6 2.c4 g6 3.Nc3 Bg7 4.e4 d6 5.Nf3 O-O 6.Be2 e5 7.O-O Nc6 8.d5 Ne7
9.Ne1 Nd7 10.Nd3 f5 11.Bd2 Nf6 12.f3 Kh8 13.b4 c6 14.a4 a5 15.bxa5 c5 16.Qb3 Rxa5
17.Rfb1 Ra6 18.a5 fxe4 19.fxe4 Neg8 20.Nf2 Bh6 21.Bxh6 Nxh6 22.Nb5 Nf7 23.Qa3 Ng5
24.Qe3 Nf7 25.Qd2 h5 26.Ra3 Kg7 27.Rba1 Ne8 28.Qe3 Ng5 29.Nd3 Nh7 30.R3a2 Qh4
31.Nc3 Rf7 32.Nb1 Nef6 33.Nd2 Bg4 34.Nf2 Bxe2 35.Qxe2 Ng4 36.Nxg4 hxg4 37.Rf1 b6
38.Rxf7+ Kxf7 39.Nb3 Ng5 40.Qf1+ Kg7 41.Rb2 g3 42.hxg3 Qxe4 43.Qc1 Qg4 44.Qe1 bxa5
45.Nxc5 Qd4+ 46.Kh1 dxc5 47.Rb7+ Nf7 48.Qb1 Rf6 49.Rb8 Qxc4 50.Qb7 g5  0-1

[Event "Cappelle op"]
[Site "Cappelle la Grande"]
[Date "1994.??.??"]
[Round "7"]
[White "Shneider, Aleksandr"]
[Black "Velikhanli, Firuza"]
[Result "1/2-1/2"]
[WhiteElo "2570"]
[BlackElo "2315"]

1.d4 Nf6 2.c4 g6 3.Nc3 Bg7 4.e4 d6 5.Be2 O-O 6.Nf3 e5 7.O-O Nc6 8.d5 Ne7
9.Nd2 a5 10.a3 Nd7 11.Rb1 f5 12.b4 Kh8 13.f3 Ng8 14.Qc2 Ndf6 15.c5 axb4 16.axb4 Nh5
17.g3 Ngf6 18.Nc4 fxe4 19.fxe4 Bh3 20.Re1 Qe7 21.b5 dxc5 22.b6 cxb6 23.Rxb6 Nd7
24.Rxb7 Qf6 25.Nd1 Rf7 26.Rb3 Qe7 27.Rf3 Rxf3 28.Bxf3 Qf6 29.Qe2 Rf8 30.Bxh5 gxh5
31.Nf2 Bg4 32.Nxg4 hxg4 33.Ne3 h5 34.Nf5 Qg6 35.Rf1 Kh7 36.Be3 Qb6 37.Rc1 Qb4
38.Rc4 Qb1+ 39.Qf1 Qb3 40.Qe2 Rb8 41.Qf1 Rb4 42.Rxb4 cxb4 43.Bd2 Qc2 44.Bxb4 Qxe4
45.Ne7 Nf6 46.d6 Qxb4 47.Qf5+ Kh8  1/2-1/2

[Event "Cappelle op"]
[Site "Cappelle la Grande"]
[Date "1994.??.??"]
[Round "9"]
[White "Averkin, Orest N"]
[Black "Oral, Tomas"]
[Result "1-0"]
[WhiteElo "2465"]
[BlackElo "2375"]

1.d4 Nf6 2.Nf3 g6 3.c4 Bg7 4.Nc3 O-O 5.e4 d6 6.Be2 e5 7.O-O Nc6 8.d5 Ne7
9.a4 Nh5 10.a5 c5 11.Re1 f5 12.exf5 Nxf5 13.g3 Bh6 14.Bxh6 Nxh6 15.Qd2 Ng4
16.Bd1 Ng7 17.Ra3 Nf5 18.Ne4 Nd4 19.b4 Bf5 20.bxc5 Bxe4 21.Rxe4 Nf6 22.Re1 Nxf3+
23.Bxf3 Rc8 24.c6 Qc7 25.Bg2 Rce8 26.Rae3 Rf7 27.R1e2 Rfe7 28.Qc3 Kf7 29.c5 e4
30.Qa3 dxc5 31.Qxc5 Re5 32.Qxa7 Rxd5 33.Qxb7 Qxb7 34.cxb7 Rxa5 35.Rb2 Rb8
36.Bxe4 Nxe4 37.Rxe4 Ra7 38.Reb4 Kf6 39.Kg2 Ra5 40.Rc4  1-0

[Event "USA-op"]
[Site "Chicago"]
[Date "1994.??.??"]
[Round "?"]
[White "Pelts, Peter"]
[Black "Byrne, Robert E"]
[Result "1-0"]
[WhiteElo "2280"]
[BlackElo "2445"]

1.Nf3 Nf6 2.c4 g6 3.Nc3 Bg7 4.e4 d6 5.d4 O-O 6.Be2 e5 7.O-O Nc6 8.d5 Ne7
9.Nd2 Nd7 10.b4 c6 11.a4 a5 12.bxa5 Qxa5 13.Qc2 c5 14.Nb5 Ra6 15.Nb3 Qd8
16.Be3 f5 17.f3 f4 18.Bf2 h5 19.Rfb1 g5 20.a5 Ng6 21.Nxd6 Rxd6 22.Nxc5 Nxc5
23.Bxc5 Ra6 24.Bxf8 Bxf8 25.c5 Rxa5 26.d6 Kg7 27.Kf1 Rxa1 28.Rxa1 Bd7 29.Qb2 Bc6
30.Bb5 Qd7 31.Bxc6 Qxc6 32.Qb4 Kf6 33.Rb1 Qa6+ 34.Qb5 Qa2 35.Rd1 Nh4 36.Qe2 Qa5
37.Qd2 Qb5+ 38.Qd3 Qd7 39.Rb1 g4 40.Qb5 Qxb5+ 41.Rxb5 gxf3 42.g3 fxg3 43.hxg3 Ng6
44.Rxb7 Ke6 45.Rh7 h4 46.gxh4 Nf4 47.d7 Be7 48.c6 Kd6 49.c7 Kxc7 50.Rxe7 Ng6
51.Rh7 Nf8 52.Rf7 Nxd7 53.h5  1-0

[Event "Bohemia"]
[Site "Chrudim"]
[Date "1994.??.??"]
[Round "4"]
[White "Nutu Gajic, Dana"]
[Black "Holoubkova, Martina"]
[Result "1-0"]
[WhiteElo "2330"]
[BlackElo "2210"]

1.d4 Nf6 2.c4 g6 3.Nc3 Bg7 4.e4 d6 5.Nf3 O-O 6.Be2 e5 7.O-O Nc6 8.d5 Ne7
9.b4 Ne8 10.c5 f5 11.Nd2 Nf6 12.Bc4 Kh8 13.Bb2 Bh6 14.exf5 gxf5 15.Qe2 Ng6
16.g3 Qe7 17.Nb3 f4 18.Rfe1 fxg3 19.fxg3 Bg4 20.Qc2 Nh4 21.Nd4 Qg7 22.Ne6 Bxe6
23.dxe6 Nf3+ 24.Kh1 Nxe1 25.Rxe1 Ng4 26.Nd1 Qf6 27.Qe4 Bd2 28.Rg1 Qg6 29.Qxb7 Qc2
30.Bb3 Qd3 31.h3 Rab8 32.Qg2 Ne3 33.Nxe3 Bxe3 34.Rd1 Qf5 35.cxd6 cxd6 36.e7 Rfe8
37.g4 Qf2 38.Qxf2 Bxf2 39.Kg2 Bh4 40.Rxd6 Rxe7 41.Rd5 Bf6 42.b5 h6 43.a4 Kg7
44.Ba3 Reb7 45.Kf3 Rc8 46.Rd3 Rbc7 47.Bb4 Be7 48.Ba5 Rc1 49.Ke4 Rb1 50.Be6 Rf8
51.Kxe5 Bf6+ 52.Ke4 Re8 53.Kd5 Ra1 54.Bc7 Rxa4 55.Bd7 Re1 56.Bc6 Ree4 57.Bb8 Reb4
58.Ke6 a6 59.Rf3 Re4+ 60.Bxe4 Rxe4+ 61.Kd5 Rd4+ 62.Kc5  1-0